01760nam a22002897a 4500003000900000008004100009040007100050082002500121110005500146245006800201260003300269300002900302440006700331505073700398650002701135650002601162650002101188650001901209650002601228700003201254700002901286700001501315700002901330700002701359700002901386710005501415AR-CdUCM190425b ||||| |||| 00| 0 spa d aMUNICIPALIDAD PROVINCIAL DEL CUSCOcBIBLIOTECA MUNICIPAL DEL CUSCO aRev.Univ/N°115/1958 aUniversidad Nacional de San Antonio Abad del Cusco aRevista Universitaria :bÓrgano de la Universidad del Cuzco / aCusco :b H.G. Rozas,c1958. a403 páginas. :c20 cm. aRevista UniversitarianAño XLVII, 2° semestre 1958, N°115. aContenido: Nuestra Universidad Regional. Eduardo Marmanillo. -- Universidad y emancipación nacional. Carlos Ferdinand Cuadros. -- Tiempo estilo y proceso cultural en la Arqueología Peruana. John Rowe. -- Ramón Castilla y la esclavitud. Benjamín Rojas Díaz. -- Del individua al Estado. Rosa Rivero de Zuñiga. -- Fonemización y graficación del Runasimi. Andres Alencastre. -- Carácter esclavista patriarcal de la moral Inca. Carlos Núñez Anavitarte. -- La idea de los incas como factor favorable a la Independencia. Horacio Villanueva Urteaga. -- Reconocimiento geográfico de Q´ero. Mario Escobar Moscoso. -- El Ollantay. Alfredo Yépez Miranda. -- Reforma Universitaria en el Cuzco. Rodolfo Zamalloa Loayza. aComunidades campesinas aIndependencia peruana aRamón Castilla aComunidad Qero aReforma Universitaria aVillanueva Urteaga, Horacio aYépez Miranda, Alfredo aRowe, John aRojas Díaz, Benjamín aEscobar Moscoso, Mario aZamalloa Loayza, Rodolfo aUniversidad Nacional de San Antonio Abad del Cusco